000 01201cam a22003734a 4500
001 17186840
003 OSt
005 20260428082503.0
008 120228s2012 enk b 001 0 eng d
010 _a 2011410688
015 _aGBB1B3736
_2bnb
020 _a9781844678518
_qpbk.
020 _a1844678512
_qpbk.
035 _a17186840
035 _a(OCoLC)769192643
040 _aNLE
_cNLE
_dMUB
_dYDXCP
_dBDX
_dDLC
042 _alccopycat
050 0 0 _aHM876
_b.M37 2012
082 0 4 _a909.8312
_223
100 1 _aMason, Paul,
_d1960-
245 1 0 _aWhy it's kicking off everywhere :
_bthe new global revolutions /
_cPaul Mason.
260 _aLondon ;
_aNew York :
_bVerso,
_c2012.
300 _a237 p. ;
_c23 cm.
336 _atext
_btxt
_2rdacontent
337 _aunmediated
_bn
_2rdamedia
338 _avolume
_bnc
_2rdacarrier
504 _aIncludes bibliographical references (p. 213-222) and index.
650 0 _aRevolutions.
650 0 _aWorld politics
_y2005-2015.
906 _a7
_bcbc
_ccopycat
_d2
_encip
_f20
_gy-gencatlg
942 _2lcc
_cBK
_n0
999 _c23724
_d23723